| 000 | 00831nam a22002051a 4500 | ||
|---|---|---|---|
| 003 | OSt | ||
| 005 | 20150408114030.0 | ||
| 008 | 120508s2010 jo a g b 00| 0 ara d | ||
| 040 | _aعمادة شؤون المكتبات في جامعة المجمعة | ||
| 082 | 0 | 4 |
_221 _a658.05 _b658.05 إ ي س |
| 100 | 1 |
_aياسين، سعد غالب _93171 |
|
| 245 | 1 | 2 |
_aالإدارة الإلكترونية / _cسعد غالب ياسين. |
| 250 | _aط. 1. | ||
| 260 |
_aعمان، الأردن : _bدار اليازوري العلمية للنشر والتوزيع، _c2010 |
||
| 300 |
_a431 ص. : _bجداول ؛ _c24 سم. |
||
| 504 | _aببليوجرافية : ص. 415-416. | ||
| 504 | _aيشتمل على إرجاعات ببليوجرافية. | ||
| 650 | 7 |
_2aucsh _aالإدارة الإلكترونية _912773 |
|
| 942 |
_2ddc _cBOOK |
||
| 999 |
_c22792 _d257292 |
||